00397nam a22001337a 4500008004100000041000800041082001900049110005400068245003000122260006300152300001000215365000900225650002900234200817b ||||| |||| 00| 0 eng d0 aeng00a338.0954bM712 aMinistry of information and Broad Casting, India.10a Durgapur steel project / aDelhi :bMinistry of information and Broad Casting,c1961. a30 p. d0.40 0aSteel Industry and Trade